Les français en NBA (Saison 2020-2021) - Statistiques

Statistiques générales
  • Ce quiz a été pris 403 fois
  • Le résultat moyen est 7 sur 10
Statistiques - réponses
Joueur Equipe % Correct
Evan Fournier Orlando Magic/Boston Celtics
95%
Nicolas Batum Los Angeles Clippers
94%
Rudy Gobert Utah Jazz
93%
Killian Hayes Detroit Pistons
83%
Théo Maledon Oklahoma City Thunder
61%
Frank Ntilikina New York Knicks
57%
Timothé Luwawu-Cabarrot Brooklyn Nets
54%
Sekou Doumbouya Detroit Pistons
52%
Killian Tillie Memphis Grizzlies
39%
Vincent Poirier Philadelphia 76ers
27%
Aucun quiz correspondant
Distribution des résultats
% des personnes avec chaque résultat
Percentile par nombre de réponses
Votre historique - résultats
Vous n’avez pas pris ce quiz